Análisis del Programa de Salud Ocupacional de la Asociación Cámara de Agricultores Sembrando un Futuro más Rentable (Registro nro. 8791)
[ vista simple ]
| 000 -LEADER | |
|---|---|
| fixed length control field | 00523aam a2200169 4500 |
| 005 - DATE AND TIME OF LATEST TRANSACTION | |
| control field | 20220610090409.0 |
| 008 - FIXED-LENGTH DATA ELEMENTS--GENERAL INFORMATION | |
| fixed length control field | 150226b xxu||||| |||| 00| 0 eng d |
| 041 ## - LANGUAGE CODE | |
| Language code of text/sound track or separate title | SPA |
| 082 ## - DEWEY DECIMAL CLASSIFICATION NUMBER | |
| Classification number | DE 165 |
| 100 ## - MAIN ENTRY--AUTHOR NAME | |
| Personal name | Quirós Núñez, Alonso |
| 245 ## - TITLE STATEMENT | |
| Title | Análisis del Programa de Salud Ocupacional de la Asociación Cámara de Agricultores Sembrando un Futuro más Rentable |
| 260 ## - PUBLICATION, DISTRIBUTION, ETC. (IMPRINT) | |
| Year of publication | 2015 |
| 650 ## - SUBJECT ADDED ENTRY--TOPICAL TERM | |
| Topical Term | COSTA RICA |
| 650 ## - SUBJECT ADDED ENTRY--TOPICAL TERM | |
| Topical Term | ADMINISTRACIÓN DE EMPRESAS |
| 650 ## - SUBJECT ADDED ENTRY--TOPICAL TERM | |
| Topical Term | SALUD OCUPACIONAL |
| 942 ## - ADDED ENTRY ELEMENTS (KOHA) | |
| Tipo de ítem | Informe de Práctica |
| Withdrawn status | Estado | Estado físico | Not for loan | Precio de compra | Total Checkouts | Clasificación | Número de inscripción | Date last seen | Price effective from | Tipo de ítem |
|---|---|---|---|---|---|---|---|---|---|---|
| 62720.00 | DE 165 | DE165 | 23/01/2017 | 23/01/2017 | Informe de Práctica |